000 00380nam a2200145Ia 4500
008 240729s9999 xx 000 0 und d
022 _a2573-7686
245 0 _aEducational Considerations
260 _aUnited States
260 _bNew Prairie Press
650 _aEducation
856 _uhttps://doaj.org/toc/a805b878a99645858d77e32cb0e326f8
942 _2ddc
942 _cDOAJEJ
999 _c73121
_d73121
945 _a1
_bMadushi Gamage
_c1
_dMadushi Gamage